| 000 | 00344nam a2200133Ia 4500 | ||
|---|---|---|---|
| 008 | 240624s9999 xx 000 0 und d | ||
| 041 | _aeng | ||
| 082 | _a425 PAT | ||
| 100 | _aPATIL SHARAD | ||
| 245 | _aENGLISH IS EASY DICTION GRAMMAR LITERATU | ||
| 260 |
_c2013 _aNagpur _bKartik Prakashan |
||
| 300 | _a180 : p. : cm. ; 21 | ||
| 365 |
_cRS _b25 |
||
| 999 |
_c22349 _d22349 |
||